Memoria

Αποθηκεύτηκε σε:
Λεπτομέρειες βιβλιογραφικής εγγραφής
Συγγραφή απο Οργανισμό/Αρχή: Asociación Centroamericana de Sociología
Μορφή: Κείμενο
Έκδοση: Tegucigalpa: ACAS. CSUCA
Ετικέτες: Προσθήκη ετικέτας
Δεν υπάρχουν, Καταχωρήστε ετικέτα πρώτοι!

MARC

LEADER 00000 a a2200000 04500
001 20812
003
040 |a CRAI/IIS  |c CRAI/IIS 
090 |a 088900  
110 |a Asociación Centroamericana de Sociología  
245 |a Memoria  
260 |a Tegucigalpa:   |b ACAS. CSUCA  
300 |a 70 p.  
999 |c 17022  |d 17022